[Event "LASS Vårturneringar"]
[Site "Linköping"]
[Date "2013.05.11"]
[Round "6"]
[White "Rosberg, Simon"]
[Black "Qwarfort, Fredrik"]
[Result "1-0"]
[WhiteElo "2261"]
[BlackElo "1807"]
[PlyCount "93"]
[EventDate "2013.05.09"]
[EventType "swiss"]
[EventRounds "7"]
[EventCountry "SWE"]

1. Nf3 Nf6 2. c4 c5 3. Nc3 g6 4. g3 Bg7 5. d4 cxd4 6. Nxd4 Nc6 7. Bg2 O-O 8.
O-O Ng4 9. e3 d6 10. Nde2 a6 11. b3 Rb8 12. Bb2 Bd7 13. h3 Nf6 14. Rc1 Qa5 15.
c5 Qxc5 16. Nd5 Qa5 17. Bc3 Qd8 18. Nxf6+ Bxf6 19. Bxf6 exf6 20. Qxd6 Be6 21.
Qa3 Qe7 22. Qxe7 Nxe7 23. Nf4 b6 24. Rc7 Rfe8 25. Rfc1 a5 26. Bb7 Bc8 27. Bf3
Be6 28. Bb7 Bc8 29. Bf3 Be6 30. Rd1 Kf8 31. Rd6 Nc8 32. Rdc6 Kg8 33. Nxe6 fxe6
34. Rxe6 Rxe6 35. Bd5 Nd6 36. Bxe6+ Kh8 37. g4 Rd8 38. Kf1 Ne4 39. Ke1 Ng5 40.
Rc6 Nxh3 41. Rxb6 Ng5 42. Bc4 Nf3+ 43. Ke2 Ne5 44. f3 a4 45. Rxf6 Nxc4 46. bxc4
Rb8 47. Rd6 1-0

[Event "LASS Vårturneringar"]
[Site "Linköping"]
[Date "2013.05.11"]
[Round "6"]
[White "Olsson, Simon"]
[Black "Lindström, Jan"]
[Result "1-0"]
[WhiteElo "2072"]
[BlackElo "1538"]
[PlyCount "77"]
[EventDate "2013.05.09"]
[EventType "swiss"]
[EventRounds "7"]
[EventCountry "SWE"]
[TimeControl "6000+385"]
[WhiteClock "0:30:25"]
[BlackClock "1:01:55"]

1. d4 e6 2. c4 Bb4+ 3. Nc3 Bxc3+ 4. bxc3 d6 5. e4 Nc6 6. Bd3 e5 7. Ne2 h6 8. f4
Bg4 9. d5 Nb8 10. fxe5 dxe5 11. c5 Nf6 12. Qb3 b6 13. c6 O-O 14. Qc2 Ne8 15.
Ng3 Nd6 16. O-O a5 17. Be3 Bc8 18. Qe2 Qh4 19. Bc1 Na6 20. Ba3 Nc5 21. Bxc5
bxc5 22. Rab1 c4 23. Bc2 Ba6 24. Nf5 Qg5 25. Nxd6 cxd6 26. Qf2 Bc8 27. Rb6 Qd8
28. Qe3 Qc7 29. Rfb1 Qa7 30. Bd1 f5 31. Be2 fxe4 32. Bxc4 Rb8 33. Be2 Rxb6 34.
Qxb6 Qxb6+ 35. Rxb6 e3 36. Rb8 Kf7 37. Kf1 Ke7+ 38. Ke1 Kd8 39. Ba6 1-0

[Event "LASS Vårturneringar"]
[Site "Linköping"]
[Date "2013.05.11"]
[Round "6"]
[White "Pettersson, Alexander"]
[Black "Ivarsson, Simon"]
[Result "1-0"]
[WhiteElo "1957"]
[BlackElo "1716"]
[PlyCount "76"]
[EventDate "2013.05.09"]
[EventType "swiss"]
[EventRounds "7"]
[EventCountry "SWE"]

1. c4 Nf6 2. Nc3 g6 3. g3 Bg7 4. Bg2 c5 5. Nf3 Nc6 6. O-O O-O 7. d4 cxd4 8.
Nxd4 Nxd4 9. Qxd4 a6 10. h3 Rb8 11. Be3 b6 12. Qd2 Bb7 13. Nd5 Ba8 14. Rfd1 d6
15. Rac1 b5 16. Ba7 Bxd5 17. cxd5 Rb7 18. Bd4 Nd7 19. Bxg7 Kxg7 20. Rc6 Nb8 21.
Rc3 a5 22. h4 b4 23. Rc4 Na6 24. h5 Rh8 25. h6+ Kf8 26. Rdc1 Nc5 27. Bh3 Rb8
28. Qd4 Rg8 29. Rxc5 dxc5 30. Rxc5 Ra8 31. e4 Qd6 32. e5 Qa6 33. d6 exd6 34.
exd6 Rd8 35. Rd5 Qc6 36. Qf6 Rd7 37. Bxd7 Qxd7 38. Rxa5 g5 1-0

[Event "LASS Vårturneringar"]
[Site "Linköping"]
[Date "2013.05.12"]
[Round "7"]
[White "Ivarsson, Simon"]
[Black "Rosberg, Simon"]
[Result "0-1"]
[WhiteElo "1716"]
[BlackElo "2261"]
[PlyCount "118"]
[EventDate "2013.05.09"]
[EventType "swiss"]
[EventRounds "7"]
[EventCountry "SWE"]

1. e4 c5 2. Nf3 Nc6 3. c3 Nf6 4. e5 Nd5 5. Bc4 Nb6 6. Bb3 d6 7. d4 cxd4 8. exd6
Qxd6 9. cxd4 Be6 10. Be3 Bxb3 11. Qxb3 e6 12. Nc3 Be7 13. O-O O-O 14. Rac1 Na5
15. Qc2 h6 16. Ne4 Qd5 17. Nc3 Qd8 18. Qe2 Nd5 19. Nxd5 Qxd5 20. b3 Ba3 21. Rc2
Rac8 22. Bc1 Bd6 23. Bb2 Nc6 24. Qe3 Qf5 25. Ne1 Nb4 26. Rxc8 Rxc8 27. a3 Nc2
28. Nxc2 Rxc2 29. Bc1 a6 30. g3 h5 31. h4 Qb5 32. Rd1 Re2 33. Qf3 Ra2 34. b4
Ra1 35. Qc3 Ra2 36. Qf3 Rc2 37. Bg5 f6 38. Be3 Qd5 39. Kg2 Rc3 40. Ra1 Kf7 41.
Qxd5 exd5 42. Ra2 Ke6 43. Bd2 Rc4 44. Be3 Bc7 45. Kf1 Bb6 46. Rd2 Rc3 47. Ra2
Kd7 48. Ke2 Kc6 49. Kd2 Rc4 50. Kd3 Ba7 51. Rd2 Kb5 52. Ke2 Rc3 53. Rd3 Kc4 54.
Rxc3+ Kxc3 55. Bd2+ Kc4 56. a4 Bxd4 57. b5 axb5 58. axb5 Kxb5 59. Kd3 Bxf2 {Kd4
} 0-1

[Event "LASS Vårturneringar"]
[Site "Linköping"]
[Date "2013.05.12"]
[Round "7"]
[White "Pettersson, Alexander"]
[Black "Olsson, Simon"]
[Result "1/2-1/2"]
[WhiteElo "1957"]
[BlackElo "2072"]
[PlyCount "131"]
[EventDate "2013.05.09"]
[EventType "swiss"]
[EventRounds "7"]
[EventCountry "SWE"]
[TimeControl "6000+650"]
[WhiteClock "0:06:46"]
[BlackClock "0:17:59"]

1. d4 Nf6 2. Nf3 d5 3. e3 Bg4 4. c4 e6 5. Qb3 Qc8 6. Nc3 c6 7. Bd3 Nbd7 8. cxd5
exd5 9. Bd2 Bd6 10. Rc1 O-O 11. h3 Be6 12. Ng5 Nb6 13. Nb5 Bb8 14. Bb4 Re8 15.
Nd6 Bxd6 16. Bxd6 Bf5 17. Be5 Ne4 18. Bxe4 Bxe4 19. Nxe4 dxe4 20. O-O Qe6 21.
Qxe6 Rxe6 22. Rc2 Nd5 23. a3 f6 24. Bg3 a5 25. b3 g5 26. Re1 Kf7 27. Kf1 Ke7
28. Ke2 Kd7 29. h4 h6 30. hxg5 hxg5 31. Rh1 Re7 32. Rcc1 Ra6 33. Kd2 Rb6 34.
Kc2 f5 35. Be5 f4 36. Rce1 fxe3 37. fxe3 Rf7 38. Re2 Nc7 39. Bxc7 Kxc7 40. Rh6
c5 41. Rxb6 Kxb6 42. Kc3 g4 43. Kc4 g3 44. dxc5+ Kc7 45. b4 Rf2 46. Re1 axb4
47. axb4 Rxg2 48. Kd5 Rb2 49. Rg1 g2 50. b5 Rxb5 51. Rxg2 b6 52. Rc2 Rxc5+ 53.
Rxc5+ bxc5 54. Kxc5 Kd7 55. Kd5 Ke7 56. Ke5 Kd7 57. Kxe4 Ke6 58. Kd4 Kd6 59. e4
Ke6 60. e5 Ke7 61. Kd5 Kd7 62. e6+ Ke7 63. Ke5 Ke8 64. Kd6 Kd8 65. e7+ Ke8 66.
Ke6 1/2-1/2

[Event "LASS Vårturneringar"]
[Site "Linköping"]
[Date "2013.05.12"]
[Round "7"]
[White "Persson, Börje"]
[Black "Pettersson, Börje"]
[Result "0-1"]
[WhiteElo "1740"]
[BlackElo "1915"]
[PlyCount "113"]
[EventDate "2013.05.09"]
[EventType "swiss"]
[EventRounds "7"]
[EventCountry "SWE"]

1. e4 c5 2. Nf3 d6 3. d4 cxd4 4. Nxd4 Nf6 5. Nc3 a6 6. Bg5 e6 7. f4 Be7 8. Qf3
Qc7 9. O-O-O Nbd7 10. g4 b5 11. Bxf6 Nxf6 12. g5 Nd7 13. f5 Nc5 14. f6 gxf6 15.
gxf6 Bf8 16. Rg1 Bb7 17. b4 Na4 18. Nxa4 bxa4 19. Rd3 Qc4 20. c3 Rc8 21. Kb2 d5
22. Re3 dxe4 23. Qh5 a3+ 24. Kb1 Qd5 25. Rg5 Qd8 26. Nxe6 Qxf6 27. Rf5 Qg6 28.
Nxf8 Qxh5 29. Rxh5 Kxf8 30. Kc2 Kg7 31. Bh3 Rc4 32. Rg5+ Kf6 33. Rf5+ Ke7 34.
Re5+ Kd6 35. Rh5 Bd5 36. Bf1 Rc6 37. Rh6+ Ke5 38. Rxc6 Bxc6 39. Bxa6 Ba4+ 40.
Kd2 Rd8+ 41. Ke2 Bd1+ 42. Ke1 Kf4 43. Rh3 Bb3 44. c4 Rd1+ 45. Ke2 Rb1 46. c5
Rb2+ 47. Ke1 Rb1+ 48. Ke2 Bd1+ 49. Kd2 Bf3 50. Rxf3+ Kxf3 51. c6 e3+ 52. Kc2
Rb2+ 53. Kc1 Rg2 54. c7 Rg8 55. Kd1 Kf2 56. h4 Rc8 57. Bd3 0-1

[Event "LASS Vårturneringar"]
[Site "Linköping"]
[Date "2013.05.12"]
[Round "7"]
[White "Lindström, Jan"]
[Black "Qwarfort, Fredrik"]
[Result "0-1"]
[WhiteElo "1538"]
[BlackElo "1807"]
[PlyCount "70"]
[EventDate "2013.05.09"]
[EventType "swiss"]
[EventRounds "7"]
[EventCountry "SWE"]

1. e4 d6 2. Nc3 Nf6 3. Bc4 g6 4. d3 Bg7 5. Nge2 c5 6. a3 Nc6 7. O-O O-O 8. f4
Be6 9. Ng3 Bxc4 10. dxc4 a6 11. Qe2 Rb8 12. Be3 Qd7 13. Nd1 Ng4 14. c3 Nxe3 15.
Nxe3 b5 16. Rad1 Qb7 17. Qd3 b4 18. axb4 cxb4 19. Rb1 Rfc8 20. Nd5 bxc3 21.
Nxc3 Qa7+ 22. Kh1 Rb3 23. Qc2 Nd4 24. Qf2 Rxc4 25. f5 Nc6 26. Qc2 Qb7 27. Nge2
a5 28. fxg6 hxg6 29. Qd3 Ne5 30. Qd5 Qxd5 31. Nxd5 e6 32. Ndc3 Ng4 33. h3 Bxc3
34. Nxc3 Ne5 35. Rfd1 Kf8 0-1

[Event "LASS Vårturneringar"]
[Site "Linköping"]
[Date "2013.05.12"]
[Round "7"]
[White "Eriksson, Ofelia"]
[Black "Fransson, Claes"]
[Result "1-0"]
[WhiteElo "1545"]
[BlackElo "1176"]
[PlyCount "111"]
[EventDate "2013.05.09"]
[EventType "swiss"]
[EventRounds "7"]
[EventCountry "SWE"]

1. d4 Nf6 2. Nf3 e6 3. Bf4 d5 4. e3 Be7 5. Bd3 Nbd7 6. h3 c5 7. c3 cxd4 8. exd4
Nh5 9. Bh2 O-O 10. Nbd2 Qb6 11. Qc2 h6 12. O-O Bd6 13. Rfe1 Nf4 14. Bf1 Qc7 15.
Re3 b6 16. Rae1 a5 17. Ne5 Ng6 18. Ndf3 Ngxe5 19. Nxe5 Nxe5 20. Bxe5 Bxe5 21.
Rxe5 Ba6 22. Bxa6 Rxa6 23. Qd3 Ra7 24. Qb5 Rc8 25. f4 Qc6 26. Qxc6 Rxc6 27. f5
Re7 28. fxe6 fxe6 29. Rxd5 Kf7 30. Rf1+ Ke8 31. Re5 Kd7 32. Kf2 Rf7+ 33. Ke2
Rxf1 34. Kxf1 Rc8 35. Ke2 Rf8 36. Kd3 Rf2 37. Re2 Rxe2 38. Kxe2 Kd6 39. c4 e5
40. dxe5+ Kxe5 41. Ke3 Kd6 42. Kd4 Kc6 43. b3 Kd6 44. a3 Kc6 45. b4 axb4 46.
axb4 Kd6 47. c5+ bxc5+ 48. bxc5+ Kc6 49. Kc4 Kc7 50. Kd5 Kd7 51. c6+ Kc7 52.
Kc5 Kd8 53. Kd6 g5 54. g4 Kc8 55. c7 Kb7 56. Kd7 1-0

[Event "LASS Sanktionerade"]
[Site "Linköping"]
[Date "2013.05.09"]
[Round "1"]
[White "Nguyen, Gabriel"]
[Black "Andersson, Görgen"]
[Result "0-1"]
[WhiteElo "1452"]
[BlackElo "1843"]
[PlyCount "46"]
[EventDate "2013.05.09"]
[EventType "tourn"]
[EventRounds "7"]
[EventCountry "SWE"]

1. d4 d5 2. c4 e5 3. dxe5 d4 4. a3 a5 5. Nf3 Nc6 6. e3 Bc5 7. exd4 Bxd4 8. Be2
Be6 9. O-O Bxe5 10. Nxe5 Nxe5 11. Qa4+ c6 12. f4 Ng4 13. Bxg4 Bxg4 14. Re1+ Ne7
15. Qb3 O-O 16. Qxb7 Nf5 17. Qb3 Nd4 18. Qa4 Ne2+ 19. Kh1 Qh4 20. Bd2 Qf2 21.
Qxc6 Ra6 22. Qe4 Ng3+ 23. hxg3 Rh6# 0-1

[Event "LASS Sanktionerade"]
[Site "Linköping"]
[Date "2013.05.09"]
[Round "1"]
[White "Knutsson, Håkan"]
[Black "Stenman, Christoffer"]
[Result "1/2-1/2"]
[WhiteElo "1827"]
[BlackElo "1981"]
[PlyCount "45"]
[EventDate "2013.05.09"]
[EventType "tourn"]
[EventRounds "7"]
[EventCountry "SWE"]

1. e4 c5 2. Nf3 d6 3. d4 cxd4 4. Nxd4 Nf6 5. Nc3 g6 6. Be3 Bg7 7. f3 O-O 8. Qd2
Nc6 9. O-O-O Nxd4 10. Bxd4 Be6 11. Kb1 Qc7 12. h4 Rfc8 13. h5 Nxh5 14. Bxg7
Kxg7 15. Bd3 Qa5 16. a3 Rab8 17. g4 Nf6 18. Qh6+ Kg8 19. g5 Nh5 20. Rxh5 gxh5
21. e5 Qxe5 22. Bxh7+ Kh8 23. Bd3+ 1/2-1/2

[Event "LASS Sanktionerade"]
[Site "Linköping"]
[Date "2013.05.09"]
[Round "1"]
[White "Batra, Sagar"]
[Black "Muganlinskij, Alemed"]
[Result "1/2-1/2"]
[WhiteElo "1352"]
[BlackElo "1556"]
[PlyCount "76"]
[EventDate "2013.05.09"]
[EventType "tourn"]
[EventRounds "7"]
[EventCountry "SWE"]

1. e4 d6 2. d4 Nf6 3. Nc3 g6 4. Nf3 Bg7 5. Bf4 O-O 6. Bc4 Nxe4 7. Nxe4 d5 8.
Bxd5 Qxd5 9. Nc3 Qc4 10. Qe2 Qxe2+ 11. Nxe2 c6 12. h3 Bf5 13. c3 Be4 14. Neg1
Nd7 15. O-O-O Rfe8 16. Ne1 e5 17. dxe5 Bxe5 18. Bxe5 Nxe5 19. f3 Bf5 20. g4 Be6
21. b3 Rad8 22. f4 Rxd1+ 23. Kxd1 Rd8+ 24. Ke2 Bd5 25. Rh2 Nd7 26. Kf1 Nf6 27.
Re2 Re8 28. Rd2 Re3 29. c4 Be6 30. Ng2 Rc3 31. Ne2 Rxh3 32. g5 Ng4 33. Nd4 Ne3+
34. Kf2 Nxg2 35. Nxe6 fxe6 36. Kxg2 Re3 37. Kf2 Rh3 38. Kg2 Re3 1/2-1/2

[Event "LASS Sanktionerade"]
[Site "Linköping"]
[Date "2013.05.09"]
[Round "1"]
[White "Svensson, Anders"]
[Black "Ohlin, Johnny"]
[Result "1/2-1/2"]
[WhiteElo "1606"]
[BlackElo "1773"]
[PlyCount "123"]
[EventDate "2013.05.09"]
[EventType "tourn"]
[EventRounds "7"]
[EventCountry "SWE"]

1. e4 g6 2. d4 Bg7 3. Nc3 d6 4. Nf3 Nf6 5. Be2 O-O 6. O-O Nbd7 7. Re1 e5 8. Bg5
h6 9. Be3 Ng4 10. Bc1 f5 11. h3 fxe4 12. Bc4+ Kh7 13. Nxe4 Ngf6 14. Nxf6+ Qxf6
15. Be3 e4 16. Nd2 Qh4 17. Qg4 Qxg4 18. hxg4 Nb6 19. Be2 Nd5 20. Nxe4 Re8 21.
Bf3 Nxe3 22. Rxe3 Bd7 23. c3 Re6 24. Rae1 Rae8 25. R3e2 b5 26. Ng3 c5 27. Rxe6
Rxe6 28. Rxe6 Bxe6 29. d5 Bd7 30. Ne4 Be5 31. Kf1 a5 32. Ke1 Bc8 33. Kd1 Bb7
34. Nd2 Kg7 35. Nb3 a4 36. Na5 Bc8 37. Nc6 Kf6 38. Kc2 h5 39. Na7 hxg4 40. Nxc8
gxf3 41. g3 Bxg3 42. Kd3 Bxf2 43. Ke4 Bh4 44. Kxf3 Ke5 45. Na7 b4 46. cxb4 cxb4
47. Nc6+ Kxd5 48. Nxb4+ Kc4 49. Nc2 Bf6 50. Ne3+ Kd3 51. b4 axb3 52. axb3 Bg5
53. Nc4 d5 54. Ne5+ Kc3 55. b4 Kxb4 56. Ke2 Kc3 57. Kd1 Kd4 58. Nxg6 Ke4 59.
Nf8 Ke5 60. Nd7+ Kd6 61. Nb6 Kc5 62. Nxd5 1/2-1/2

[Event "LASS Sanktionerade"]
[Site "Linköping"]
[Date "2013.05.09"]
[Round "2"]
[White "Batra, Sagar"]
[Black "Nguyen, Gabriel"]
[Result "0-1"]
[WhiteElo "1355"]
[BlackElo "1452"]
[PlyCount "35"]
[EventDate "2013.05.09"]
[EventType "tourn"]
[EventRounds "7"]
[EventCountry "SWE"]

1. e4 c5 2. Nf3 d6 3. d4 cxd4 4. Nxd4 Nf6 5. Nc3 g6 6. Be2 Bg7 7. O-O O-O 8.
Be3 Nc6 9. Nb3 Bd7 10. f4 a6 11. a4 Be6 12. Nd2 Rc8 13. f5 Bd7 14. fxg6 hxg6
15. Nc4 Be6 16. Qd2 Bxc4 17. Bxc4 Ng4 18. Bf4 {Mobiltelefonförlust / Loss by
phone} 0-1

[Event "LASS Sanktionerade"]
[Site "Linköping"]
[Date "2013.05.09"]
[Round "2"]
[White "Muganlinskij, Alemed"]
[Black "Stenman, Christoffer"]
[Result "1/2-1/2"]
[WhiteElo "1556"]
[BlackElo "1981"]
[PlyCount "66"]
[EventDate "2013.05.09"]
[EventType "tourn"]
[EventRounds "7"]
[EventCountry "SWE"]

1. e4 c5 2. Na3 Nc6 3. Bb5 g6 4. c3 Bg7 5. Nf3 d5 6. Bxc6+ bxc6 7. Qe2 Rb8 8.
d4 cxd4 9. Nxd4 Qb6 10. exd5 cxd5 11. Qb5+ Qxb5 12. Ndxb5 d4 13. Nxd4 Bxd4 14.
cxd4 Rb4 15. b3 Rxd4 16. Bb2 Re4+ 17. Kd2 Nf6 18. Rhe1 O-O 19. Bxf6 Rxe1 20.
Rxe1 exf6 21. Re7 Rd8+ 22. Kc3 Bd7 23. Nc4 Kf8 24. Re1 Bc6 25. g3 h5 26. f4 Rd5
27. a3 h4 28. Ne3 Ra5 29. Nc4 Rd5 30. Ne3 Rc5+ 31. Kd4 Rb5 32. Rc1 hxg3 33.
hxg3 Bf3 1/2-1/2

[Event "LASS Sanktionerade"]
[Site "Linköping"]
[Date "2013.05.09"]
[Round "2"]
[White "Andersson, Görgen"]
[Black "Svensson, Anders"]
[Result "1/2-1/2"]
[WhiteElo "1843"]
[BlackElo "1606"]
[PlyCount "80"]
[EventDate "2013.05.09"]
[EventType "tourn"]
[EventRounds "7"]
[EventCountry "SWE"]

1. e4 c5 2. b3 Nc6 3. Bb2 e6 4. Nf3 d6 5. Bb5 Bd7 6. O-O Nf6 7. Nc3 Be7 8. d4
cxd4 9. Nxd4 Nxd4 10. Qxd4 O-O 11. Rad1 e5 12. Qd3 Be6 13. Ba3 a6 14. Bc4 Bxc4
15. bxc4 Qa5 16. Nd5 Nxd5 17. exd5 Rfc8 18. Rb1 b5 19. Bb4 Qxa2 20. cxb5 axb5
21. Qxb5 Qxc2 22. Qb7 Bf8 23. Qd7 Qc7 24. Qh3 Qc4 25. Rfd1 Rcb8 26. Qc3 Qxc3
27. Bxc3 Rc8 28. Be1 Be7 29. Rb7 Kf8 30. Rdb1 Ke8 31. Bd2 Rc5 32. Be3 Rxd5 33.
f4 Rda5 34. fxe5 Ra1 35. Bd4 Rxb1+ 36. Rxb1 dxe5 37. Bxe5 Bf6 38. Bxf6 gxf6 39.
Rb6 Ke7 40. h3 Ra1+ 1/2-1/2

[Event "LASS Sanktionerade"]
[Site "Linköping"]
[Date "2013.05.09"]
[Round "2"]
[White "Ohlin, Johnny"]
[Black "Knutsson, Håkan"]
[Result "1/2-1/2"]
[WhiteElo "1773"]
[BlackElo "1827"]
[PlyCount "76"]
[EventDate "2013.05.09"]
[EventType "tourn"]
[EventRounds "7"]
[EventCountry "SWE"]

1. d4 Nf6 2. c4 e6 3. Nc3 Bb4 4. Qc2 O-O 5. e4 d5 6. e5 Ne4 7. a3 Bxc3+ 8. bxc3
c5 9. Bd3 cxd4 10. cxd4 Qa5+ 11. Bd2 Nxd2 12. Qxd2 Qxd2+ 13. Kxd2 dxc4 14. Bxc4
Nc6 15. Ne2 b6 16. Bb5 Na5 17. Ke3 Bb7 18. f3 Rac8 19. Rac1 Rfd8 20. Rc3 Rxc3+
21. Nxc3 f5 22. exf6 gxf6 23. Ne4 Kg7 24. Rc1 Kg6 25. g4 a6 26. Bd3 Bxe4 27.
fxe4 Kg5 28. Bxa6 Nb3 29. Rc6 Nxd4 30. Rxb6 Kxg4 31. Bc4 Nc2+ 32. Ke2 Nxa3 33.
Bxe6+ Kf4 34. Bf5 Nc4 35. Rc6 Rd4 36. Bxh7 Rd2+ 37. Ke1 Rxh2 38. Rxc4 Ke5
1/2-1/2

[Event "LASS Sanktionerade"]
[Site "Linköping"]
[Date "2013.05.10"]
[Round "3"]
[White "Nguyen, Gabriel"]
[Black "Muganlinskij, Alemed"]
[Result "1/2-1/2"]
[WhiteElo "1452"]
[BlackElo "1556"]
[PlyCount "56"]
[EventDate "2013.05.09"]
[EventType "tourn"]
[EventRounds "7"]
[EventCountry "SWE"]

1. d4 d6 2. c4 e5 3. e3 g6 4. Nf3 Bg4 5. dxe5 Bxf3 6. Qxf3 dxe5 7. Qxb7 Nd7 8.
Nc3 Qc8 9. Qxc8+ Rxc8 10. Be2 f5 11. Bd2 Ngf6 12. Bf3 e4 13. Be2 Ne5 14. Nb5 a6
15. Nd4 c5 16. Ne6 Be7 17. Bc3 Nc6 18. O-O Nd8 19. Nf4 Rf8 20. Rfd1 Kf7 21. Nd5
Nxd5 22. cxd5 Ra8 23. Bc4 Bd6 24. Ba5 Ke7 25. Rac1 Nb7 26. Bc3 Rfb8 27. f4 Nd8
28. Rc2 Nb7 1/2-1/2

[Event "LASS Sanktionerade"]
[Site "Linköping"]
[Date "2013.05.10"]
[Round "3"]
[White "Svensson, Anders"]
[Black "Batra, Sagar"]
[Result "0-1"]
[WhiteElo "1606"]
[BlackElo "1355"]
[PlyCount "58"]
[EventDate "2013.05.09"]
[EventType "tourn"]
[EventRounds "7"]
[EventCountry "SWE"]

1. e4 c5 2. c3 d6 3. d4 cxd4 4. cxd4 Nf6 5. Nc3 Nc6 6. Nf3 g6 7. h3 Bg7 8. Bc4
Bd7 9. O-O O-O 10. Bb3 Qc8 11. Re1 Bxh3 12. gxh3 Qxh3 13. Bxf7+ Rxf7 14. Ng5
Qh4 15. Nxf7 Ng4 16. Be3 Qh2+ 17. Kf1 Nxe3+ 18. Rxe3 Nxd4 19. Rg3 Kxf7 20. Qg4
Kg8 21. Nd5 Bf8 22. Nf4 Qh1+ 23. Rg1 Qxe4 24. Re1 Qf3 25. Qh4 Nf5 26. Qg5 Bg7
27. Ne6 Bh6 28. Qg2 Qd3+ 29. Re2 Rc8 0-1

[Event "LASS Sanktionerade"]
[Site "Linköping"]
[Date "2013.05.10"]
[Round "3"]
[White "Stenman, Christoffer"]
[Black "Ohlin, Johnny"]
[Result "1-0"]
[WhiteElo "1981"]
[BlackElo "1773"]
[PlyCount "81"]
[EventDate "2013.05.09"]
[EventType "tourn"]
[EventRounds "7"]
[EventCountry "SWE"]

1. e4 g6 2. d4 Bg7 3. Nc3 d6 4. f4 Nf6 5. Nf3 O-O 6. e5 Ng4 7. h3 Nh6 8. g4 c5
9. d5 Qa5 10. Bd2 Qb4 11. Qc1 Kh8 12. Bd3 c4 13. a3 Qc5 14. b4 Qc7 15. Nb5 Qd8
16. Bxc4 a6 17. Nc3 Qc7 18. Be2 dxe5 19. fxe5 Ng8 20. O-O Bxe5 21. Nxe5 Qxe5
22. Bf3 Qg3+ 23. Bg2 f5 24. Ne2 Qd6 25. Bc3+ Nf6 26. g5 Nbd7 27. gxf6 exf6 28.
Bd4 b5 29. Nf4 Bb7 30. c4 bxc4 31. Qxc4 Rac8 32. Qb3 Rfe8 33. Kh1 g5 34. Ne6 f4
35. Nxg5 Re7 36. Ne6 Rg8 37. Bc5 Qxe6 38. dxe6 Rxg2 39. Rf3 Nxc5 40. bxc5 Rf2
41. Qxb7 1-0

[Event "LASS Sanktionerade"]
[Site "Linköping"]
[Date "2013.05.10"]
[Round "3"]
[White "Knutsson, Håkan"]
[Black "Andersson, Görgen"]
[Result "1-0"]
[WhiteElo "1827"]
[BlackElo "1843"]
[PlyCount "61"]
[EventDate "2013.05.09"]
[EventType "tourn"]
[EventRounds "7"]
[EventCountry "SWE"]

1. e4 d5 2. exd5 Qxd5 3. Nc3 Qd6 4. d4 Nf6 5. Nf3 a6 6. Be3 Bf5 7. g3 Qd7 8.
Ne5 Qc8 9. Bg2 e6 10. g4 Bg6 11. h4 h5 12. Nxg6 fxg6 13. g5 Ng4 14. Qd3 Bb4 15.
Qxg6+ Kf8 16. Qd3 c5 17. dxc5 Bxc5 18. Bxb7 Qxb7 19. Bxc5+ Kf7 20. g6+ Ke8 21.
O-O-O Nd7 22. Ne4 Nxc5 23. Nxc5 Qc6 24. Nxe6 Nxf2 25. Qf5 Ra7 26. Qxf2 Re7 27.
Nd4 Qc4 28. Rhe1 Rf8 29. Rxe7+ Kxe7 30. Qe3+ Kf6 31. Qg5# 1-0

[Event "LASS Sanktionerade"]
[Site "Linköping"]
[Date "2013.05.10"]
[Round "4"]
[White "Batra, Sagar"]
[Black "Knutsson, Håkan"]
[Result "0-1"]
[WhiteElo "1355"]
[BlackElo "1827"]
[PlyCount "43"]
[EventDate "2013.05.09"]
[EventType "tourn"]
[EventRounds "7"]
[EventCountry "SWE"]

1. e4 c5 2. Nf3 e6 3. d4 cxd4 4. Nxd4 Nc6 5. Be3 Nf6 6. f3 Qc7 7. Nc3 a6 8. Bd3
Bb4 9. Qd2 Nxd4 10. Bxd4 e5 11. Bf2 O-O 12. g4 d6 13. h4 Be6 14. h5 Rac8 15. g5
Ne8 16. Ke2 Bxc3 17. bxc3 Qxc3 18. Qc1 f5 19. gxf6 Nxf6 20. Rg1 Nxh5 21. Qh6
Nf4+ 22. Kf1 0-1

[Event "LASS Sanktionerade"]
[Site "Linköping"]
[Date "2013.05.10"]
[Round "4"]
[White "Andersson, Görgen"]
[Black "Stenman, Christoffer"]
[Result "1-0"]
[WhiteElo "1843"]
[BlackElo "1981"]
[PlyCount "107"]
[EventDate "2013.05.09"]
[EventType "tourn"]
[EventRounds "7"]
[EventCountry "SWE"]

1. e4 c5 2. b3 Nc6 3. Bb2 d6 4. f4 Nf6 5. Nc3 g6 6. Nd5 Bg7 7. Nxf6+ Bxf6 8.
Bxf6 exf6 9. Nf3 Qe7 10. Qe2 Bg4 11. Qe3 Bxf3 12. gxf3 O-O-O 13. O-O-O d5 14.
exd5 Rxd5 15. Qxe7 Nxe7 16. Bc4 Rd4 17. Bxf7 Rxf4 18. Rde1 Nc6 19. Re3 Rd8 20.
Rf1 Kc7 21. Re4 Rd4 22. Rxf4 Rxf4 23. Bg8 Rh4 24. Rf2 Kd6 25. Bc4 g5 26. c3 Ne5
27. Be2 Rf4 28. h3 Rh4 29. Rh2 h5 30. Kd1 Ng6 31. Bf1 g4 32. fxg4 hxg4 33. Rf2
Ke5 34. hxg4 Rxg4 35. Bh3 Rg1+ 36. Kc2 Nf4 37. Bc8 b6 38. d4+ cxd4 39. cxd4+
Ke4 40. Bb7+ Ke3 41. Rf3+ Kxd4 42. Rxf4+ Ke5 43. Ra4 a5 44. Rc4 f5 45. Rc6 Rg2+
46. Kb1 Rg1+ 47. Kb2 Kd4 48. Rxb6 Kc5 49. Rf6 Rf1 50. Rc6+ Kd4 51. Ra6 f4 52.
Rxa5 f3 53. Rf5 f2 54. Bg2 {Ke4} 1-0

[Event "LASS Sanktionerade"]
[Site "Linköping"]
[Date "2013.05.10"]
[Round "4"]
[White "Nguyen, Gabriel"]
[Black "Svensson, Anders"]
[Result "1-0"]
[WhiteElo "1452"]
[BlackElo "1606"]
[PlyCount "77"]
[EventDate "2013.05.09"]
[EventType "tourn"]
[EventRounds "7"]
[EventCountry "SWE"]

1. d4 Nf6 2. c4 g6 3. Nc3 d5 4. cxd5 Nxd5 5. e4 Nxc3 6. bxc3 Bg7 7. Bc4 c5 8.
Ne2 O-O 9. O-O Nc6 10. Be3 Bg4 11. f3 Na5 12. Bd3 cxd4 13. cxd4 Be6 14. Qd2 Nc4
15. Bxc4 Bxc4 16. Rfd1 Rc8 17. Rab1 Qd7 18. d5 Bxe2 19. Qxe2 b6 20. Qd2 Rc4 21.
Rbc1 Rfc8 22. Qd3 Qa4 23. Qb3 Qxb3 24. axb3 Rc2 25. Rxc2 Rxc2 26. Rc1 Rxc1+ 27.
Bxc1 Kf8 28. Be3 Ke8 29. Kf2 Kd7 30. Ke2 Bb2 31. Kd3 Ba3 32. Kc4 Kd6 33. Kb5
Kc7 34. Ka6 Kb8 35. Bf4+ Ka8 36. e5 b5 37. d6 exd6 38. exd6 Kb8 39. d7+ 1-0

[Event "LASS Sanktionerade"]
[Site "Linköping"]
[Date "2013.05.10"]
[Round "4"]
[White "Muganlinskij, Alemed"]
[Black "Ohlin, Johnny"]
[Result "1/2-1/2"]
[WhiteElo "1556"]
[BlackElo "1773"]
[PlyCount "64"]
[EventDate "2013.05.09"]
[EventType "tourn"]
[EventRounds "7"]
[EventCountry "SWE"]

1. e4 c6 2. d4 d5 3. exd5 cxd5 4. Bd3 Nf6 5. h3 g6 6. c3 Bg7 7. Ne2 Nc6 8. Bf4
O-O 9. O-O Nh5 10. Bh2 e5 11. dxe5 Nxe5 12. Nf4 Nxf4 13. Bxf4 Nxd3 14. Qxd3 Bf5
15. Qb5 Qf6 16. Be3 Qc6 17. Qb4 Rfe8 18. Nd2 Bf8 19. Qf4 Bd6 20. Qg5 Bd3 21.
Rfe1 Re5 22. Qf6 Rxe3 23. Rxe3 Bh2+ 24. Kxh2 Qxf6 25. Rxd3 Qxf2 26. Rxd5 Re8
27. Rf1 Qb6 28. Rd7 f5 29. h4 Qxb2 30. Rb1 Qxc3 31. Rbxb7 Qe5+ 32. Kh3 h6
1/2-1/2

[Event "LASS Sanktionerade"]
[Site "Linköping"]
[Date "2013.05.11"]
[Round "5"]
[White "Stenman, Christoffer"]
[Black "Batra, Sagar"]
[Result "1-0"]
[WhiteElo "1981"]
[BlackElo "1355"]
[PlyCount "61"]
[EventDate "2013.05.09"]
[EventType "tourn"]
[EventRounds "7"]
[EventCountry "SWE"]

1. e4 c5 2. Nc3 e6 3. g3 d6 4. Bg2 Nf6 5. d3 Nc6 6. f4 Qb6 7. Nf3 Qb4 8. O-O
Be7 9. e5 dxe5 10. fxe5 Nxe5 11. Nxe5 Qd4+ 12. Kh1 Qxe5 13. Bf4 Qd4 14. Nb5
Qxb2 15. Nc7+ Kd8 16. Nxa8 e5 17. Rb1 Qxa2 18. Bxe5 Bg4 19. Qd2 b6 20. Nc7 Nd7
21. Ra1 Bg5 22. Qxg5+ f6 23. Qxg4 Qxc2 24. Qxg7 Rf8 25. Ne6+ Ke8 26. Nxf8 Qb3
27. Qxd7+ Kxf8 28. Rxf6+ Kg8 29. Qe8+ Kg7 30. Rxa7+ Qf7 31. Raxf7# 1-0